000 00316pab a2200121 454500
008 180718b xxu||||| |||| 00| 0 eng d
100 _aSharma S.P.
245 _aJudicial economy: cost cats the claim
362 _a12 Aug 1994, p.11
650 _aJustice, Administration of
773 _aHindustan Times
909 _a27405
999 _c27405
_d27405